Weltrekorde der Erde - Statistiken

Allgemein
  • Dieses Quiz wurde 74 mal gespielt
    62 seit der letzten Aktualisierung
  • Das Durchschnittsergebnis liegt bei 7 aus 10
Antwortstatistiken
Frage Antwort % Korrekt
Was ist der tiefste Punkt der Erde? Marianengraben
100%
Was ist der höchste Berg der Welt? Mount Everest
100%
Was ist größte Kontinent der Erde (nach Fläche)? Asien
88%
Was ist der tiefste Ozean der Welt? Pazifik
77%
Was ist der längste Fluss der Erde? Nil
75%
Was ist das längste Gebirge der Welt (an Land)? Anden
74%
Was ist der größte See der Welt (nach Fläche)? Kaspisches Meer
70%
Was ist die größte Wüste der Erde? Antarktis
58%
Was ist der höchste Vulkan der Erde? Ojos del Salado
39%
Was ist der höchste Wasserfall der Erde? Angelfälle
35%
Keine übereinstimmenden Quizze gefunden
Verteilung der Resultate
Anzahl Personen mit jedem Resultat
Perzentil nach korrekt beantworteten Fragen
Ihre Resultats-Entwicklung
Sie haben dieses Quiz seit der letzten Aktualisierung nicht gespielt